| 000 | 00395nam a2200121Ia 4500 | ||
|---|---|---|---|
| 008 | 220204s9999 xx 000 0 und d | ||
| 082 |
_a678.065:678.028.6 _bWAL |
||
| 100 | _aWallace, Kevin C | ||
| 245 | 0 | _aAdvances in the use of recycled rubber content in new tyres : Papers presented at ITEC `96, Akron 10-12 September 1996 | |
| 260 |
_aAkron _c1996 |
||
| 650 | _aRubber recycling | ||
| 942 | _cBK | ||
| 999 |
_c41064 _d41064 |
||